LEC Winter Split 2025 - Statistiques

Statistiques générales
  • Ce quiz a été pris 106 fois
  • Le résultat moyen est 41 sur 50
Statistiques - réponses
Role Player Nationalité % Correct
ADC Caliste Français
100%
Top Canna Sud Coréen
100%
Support Targamas Belge
100%
Mid Vladi Grec
100%
Jungle Yike Suédois
99%
Mid Caps Danois
96%
ADC Hans Sama Français
96%
Top BrokenBlade Allemand
95%
Mid Humanoid Tchèque
95%
Top Adam Français
93%
Mid Jojopyun Canadien
93%
Support Mikyx Slovène
93%
Jungle SkewMond Français
93%
ADC Upset Allemand
93%
Support Labrov Grec
91%
Jungle Razork Espagnol
91%
Mid Nuc Français
90%
Jungle Elyoya Espagnol
89%
Jungle 113 Turc
88%
ADC Supa Espagnol
88%
Support Alvaro Espagnol
86%
Support Jun Sud Coréen
85%
Mid Larssen Suédois
85%
Top Oscarinin Espagnol
85%
Support Hylissang Bulgare
84%
Mid Kamiloo Français
84%
Top Irrelevant Allemand
83%
Jungle Sheo Français
83%
ADC Noah Sud Coréen
81%
ADC Carzzy Tchèque
79%
Jungle Closer Turc
79%
Jungle Isma Français
79%
Support Parus Turc
79%
ADC Patrik Tchèque
79%
ADC Ice Sud Coréen
78%
Top Naak Nako Turc
77%
Jungle Lyncas Lituanien
75%
Mid Reeker Allemand
75%
Mid Czajek Polonais
74%
Jungle Malrang Sud Coréen
74%
Top Myrwn Espagnol
74%
Top Lot Turc
70%
ADC Flakked Espagnol
68%
Mid Jackies Tchèque
68%
Top Carlsen Danois
67%
Top JNX Allemand
67%
Support Stend Français
67%
ADC Rahel Sud Coréen
63%
Support Execute Sud Coréen
56%
Support Loopy Sud Coréen
56%
Aucun quiz correspondant
Distribution des résultats
% des personnes avec chaque résultat
Percentile par nombre de réponses
Votre historique - résultats
Vous n’avez pas pris ce quiz